Представление документа в формате RUSMARC

Поле Инд. ПП Название Значение
Тип записи a
Библиографический уровень a
001 Контрольный номер 83b1fec495854b95ac0f488f50597e33
005 Дата корректировки 20181120134546.9
100 a Данные общей обработки 20180622 ||| 0rusy0189 ca
101 0_ a Язык текста rus
102 a Страна публикации RU
200 1_ f Первые сведения об ответственности С.В. Гунич
a Заглавие Ответственность Президента Российской Федерации как основа функционирования системы органов государственной власти
210 d Дата издания 2018
461 _0 1 2000
a Государственная власть и местное самоуправление
463 _0 1 2000
a №3
v С. 25-30
1 2101
d 2018
1 001d3a4ae125e5244778cc8bae8019a6108
606 a Основная рубрика Конституционное (государственное) право
610 0_ a Ключевые слова ПРЕЗИДЕНТ; ЮРИДИЧЕСКАЯ ОТВЕТСТВЕННОСТЬ; КОНСТИТУЦИОННАЯ ОТВЕТСТВЕННОСТЬ
700 _1 a Фамилия Гунич
b Имя С.В.
801 _0 a Страна RU
b Организация РГУП
c Дата составления 20180622
g Правила каталогизации PSBO
801 _1 a Страна RU
b Организация РГУП
c Дата составления 20180622
g Правила каталогизации PSBO
901 t Тип документа b
w Контрольный № источника d3a4ae125e5244778cc8bae8019a6108
905 a Дата ввода 20180622